<?xml version="1.0" encoding="UTF-8"?><?xml-stylesheet type="text/xsl" href="static/style.xsl"?><OAI-PMH xmlns="http://www.openarchives.org/OAI/2.0/" xmlns:xsi="http://www.w3.org/2001/XMLSchema-instance" xsi:schemaLocation="http://www.openarchives.org/OAI/2.0/ http://www.openarchives.org/OAI/2.0/OAI-PMH.xsd"><responseDate>2026-04-27T20:11:55Z</responseDate><request verb="GetRecord" identifier="oai:uvadoc.uva.es:10324/7113" metadataPrefix="marc">https://uvadoc.uva.es/oai/request</request><GetRecord><record><header><identifier>oai:uvadoc.uva.es:10324/7113</identifier><datestamp>2021-06-29T10:11:40Z</datestamp><setSpec>com_10324_38</setSpec><setSpec>col_10324_852</setSpec></header><metadata><record xmlns="http://www.loc.gov/MARC21/slim" xmlns:doc="http://www.lyncode.com/xoai" xmlns:xsi="http://www.w3.org/2001/XMLSchema-instance" xmlns:dcterms="http://purl.org/dc/terms/" xsi:schemaLocation="http://www.loc.gov/MARC21/slim http://www.loc.gov/standards/marcxml/schema/MARC21slim.xsd">
<leader>00925njm 22002777a 4500</leader>
<datafield tag="042" ind1=" " ind2=" ">
<subfield code="a">dc</subfield>
</datafield>
<datafield tag="720" ind1=" " ind2=" ">
<subfield code="a">Merino Martín, María</subfield>
<subfield code="e">author</subfield>
</datafield>
<datafield tag="260" ind1=" " ind2=" ">
<subfield code="c">2014</subfield>
</datafield>
<datafield tag="520" ind1=" " ind2=" ">
<subfield code="a">Las personas como sujetos que vivimos en sociedad y en comunidad, nos relacionamos con otras personas por naturaleza, estas relaciones las necesitamos para poder vivir. Entre los grupos de personas que conforman la sociedad en la que vivimos,los menores son un grupo que están formándose desde el punto de vista tanto educativo como personal, por lo tanto, tienen que completar el proceso de desarrollo y socialización, por ello las necesidades psicosociales y educativas que tengan a lo largo de este proceso deben estar atendidas y cubiertas. &#xd;
Por eso cuando un menor está involucrado en un proceso penal judicial que va en su contra por cometer un delito, debe ser la propia sociedad la que le dé una respuesta socializadora que le proporcione las técnicas y recursos que les permitan completar su proceso de desarrollo y sociabilidad con éxito. &#xd;
Tanto la Justicia Restaurativa como la Mediación buscan que el menor tome conciencia de la responsabilidad de sus actos y procuren la reparación de los daños a la víctima ocasionada por el delito. &#xd;
La mediación establece una configuración constructiva de la resolución de conflictos siendo los ámbitos en los que se aplica: familiar penitenciario, penal, escolar, intercultural, etc. Es en el ámbito institucional penal de menores donde se lleva a cabo la mediación penal, donde el Trabajador social está adscrito al Equipo Técnico del Juzgado de Menores, siendo la persona capacitada para llevar a cabo la mediación entre el infractor y la víctima. Es un ámbito creador de nuevas oportunidades profesionales y permite la adquisición de competencias para el trabajador social.</subfield>
</datafield>
<datafield tag="024" ind2=" " ind1="8">
<subfield code="a">http://uvadoc.uva.es/handle/10324/7113</subfield>
</datafield>
<datafield ind1=" " ind2=" " tag="653">
<subfield code="a">Justicia restaurativa</subfield>
</datafield>
<datafield ind1=" " ind2=" " tag="653">
<subfield code="a">Menores - Responsabilidad penal</subfield>
</datafield>
<datafield tag="245" ind1="0" ind2="0">
<subfield code="a">Mediación penal y el menor infractor</subfield>
</datafield>
</record></metadata></record></GetRecord></OAI-PMH>